| LEADER | 01021nam a2200241 i 4500 | ||
|---|---|---|---|
| 001 | c000027066 | ||
| 003 | CARM | ||
| 005 | 00000000000000.0 | ||
| 008 | 850322s1966 gw 0 eng d | ||
| 019 | 1 | |a 9250834 |5 LACONCORD2021 | |
| 035 | |a (OCoLC)846706 |5 LACONCORD2021 | ||
| 100 | 1 | |a Herbert, Edward, |c Baron Herbert, |d 1583-1648. | |
| 245 | 1 | 0 | |a De veritate : |b Ed. 3. De causis errorum. De religione laici. Parerga / |c [Von] Edward Lord Herbert of Cherbury ; Faksimile-Neudruck der Ausgaben London 1645, hrsg. und eingeleitet von Gunter Gawlick. |
| 260 | |a Stuttgart-Bad Cannstatt : |b Frommann, |c 1966. | ||
| 300 | |a xiviii, 250, 162, 13, 7 p. | ||
| 490 | 0 | |a Works | |
| 500 | |a Bibliography: p. [xxxvii]-xii. | ||
| 650 | 0 | |a Deism. | |
| 650 | 0 | |a Truth. | |
| 650 | 0 | |a Knowledge, Theory of. | |
| 852 | 8 | |b CARM |h A2:AE17G0 |i A00121 |p 0023095 |f BK | |
| 999 | f | f | |i 7a89f1ef-7a78-5037-a2f9-9a0427d569e1 |s 15b0505f-f05e-5892-855a-da884068fb48 |
| 952 | f | f | |p Can circulate |a CAVAL |b CAVAL |c CAVAL |d CARM 1 Store |e A00121 |f A2:AE17G0 |h Other scheme |i book |m 0023095 |